History Quiz

Random History or Europe Quiz
Score 0/48 Timer 12:00
14 Plays Today
% Correct
England
98.3%
Denmark
92.4%
France
92.1%
Holy Roman Empire
88.6%
Sweden
85.2%
Norway
83.5%
Byzantine Empire
83.5%
Poland
82.6%
Alba
81.7%
Croatia
80.5%
Córdoba
80%
Hungary
74.4%
Estonians
72.9%
Kievan Rus
67.6%
Finns
66.4%
Brittany
64.6%
Mosul
64.3%
Ulster
63.8%
Papal States
62.3%
León
59.8%
Benevento
56.9%
Venice
55%
Bulgaria
54.3%
Balts
52.5%
% Correct
Orkney
51.8%
Armenia
47.9%
Burgundy
47.6%
Dyfed
46.3%
Fatimid Caliphate
43.2%
Pechenegs
42.1%
Khazars
40.3%
Aleppo
38.5%
Connaught
35.7%
Salerno
34.4%
Naples
33.7%
White Croats
33.4%
Gyula
32.3%
Pamplona
31.2%
Strathclyde
29.6%
Leinster
28.8%
Pomerania
27.9%
March of Spain
27%
Veleti
23.2%
Munster
21.3%
Abkhazia
17.2%
Barghawata
13.2%
Caralis
10.3%
Obotrites
10%

You're not logged in!

Compare scores with friends on all Sporcle quizzes.
OR
Log In

Sporcle TV

Today on Sporcle TV


Watch our educational content, quiz creation guides, and fun videos on Sporcle TV.

Show Comments

Extras

Top Quizzes Today


Score Distribution

Paid Content

Your Account Isn't Verified!

In order to create a playlist on Sporcle, you need to verify the email address you used during registration. Go to your Sporcle Settings to finish the process.

Report this User

Report this user for behavior that violates our Community Guidelines.

Details: